00611 2200193 4500001002100000005001500021035002000036007000300056008004100059082001600100100002300116245006600139250001200205260006800217300003000285650006000315700002300375856001900398INLIS00000000000008920250710122342 a0010-0725000089ta250710 a 0 ind  a398.209 5980 aSeinivasan,Shalini1 aManasa Mengumpulkan Warna-Warni Pelangi /cShalini Srinivasan apertama aJakarta Timur :bBadan Pengembangan dan Pembinaan Bahasa,c2022 a20hlm. :bilus. ;c22,9cm 4acerita anak indonesia terjemahan, literasi bahan bacaan0 aPia Alize Hazarika aTBM AS-SYUHADA